[Event "Saint John op-1"]
[Site "Saint John CAN"]
[Date "1988.??.??"]
[Round "?"]
[White "Lein, Anatoly"]
[Black "Gonzalez Rodriguez, Jorge Armando"]
[Result "1-0"]
[WhiteElo "2475"]
[BlackElo "2375"]
[PlyCount "101"]
[GameId "2160767912587223"]
[EventDate "1988.01.24"]
[EventType "swiss"]
[EventRounds "9"]
[EventCountry "CAN"]
[SourceTitle "CBM 006"]
[Source "ChessBase"]
[SourceDate "2004.01.01"]
[SourceVersion "1"]
[SourceVersionDate "2004.01.01"]
[SourceQuality "1"]

1. e4 e6 2. d4 d5 3. e5 b6 4. Bb5+ c6 5. Ba4 a5 6. c3 b5 7. Bc2 c5 8. Nf3 Nc6 9. O-O c4 10. Re1 h6 11. Nbd2 Nge7 12. Nf1 Bd7 13. Ne3 Nc8 14. b3 cxb3 15. axb3 Nb6 16. Bd3 b4 17. c4 Ne7 18. Bd2 Bc6 19. c5 Nd7 20. Ra2 Bb7 21. Qe2 Nc6 22. Nf5 Qc8 23. Qe3 Ba6 24. Bb1 Qb7 25. Nd6+ Bxd6 26. exd6 O-O-O 27. Qf4 Rdf8 28. h4 Bb5 29. Bc2 Qa6 30. Rea1 Bd3 31. Bxd3 Qxd3 32. Rxa5 g5 33. Qe3 Qxe3 34. Bxe3 Nxa5 35. Rxa5 Kb7 36. Ne5 Nxe5 37. Rb5+ Kc6 38. Rb6+ Kd7 39. dxe5 Rc8 40. hxg5 hxg5 41. Ra6 f6 42. c6+ Rxc6 43. Ra7+ Kc8 44. Ra8+ Kd7 45. Rxh8 fxe5 46. Bxg5 Kxd6 47. Rb8 Kc5 48. Be7+ Kd4 49. Rxb4+ Kd3 50. g4 e4 51. Bf6 1-0

[Event "Saint John op-1"]
[Site "Saint John CAN"]
[Date "1988.??.??"]
[Round "?"]
[White "Lein, Anatoly"]
[Black "Hernandez, Gabriel"]
[Result "1-0"]
[WhiteElo "2475"]
[BlackElo "2330"]
[PlyCount "78"]
[GameId "2160767912587224"]
[EventDate "1988.01.24"]
[EventType "swiss"]
[EventRounds "9"]
[EventCountry "CAN"]
[SourceTitle "CBM 06"]

1. d4 Nf6 2. Nf3 g6 3. Bg5 Bg7 4. Nbd2 d5 5. e3 O-O 6. Bd3 Nc6 7. c3 Re8 8. O-O h6 9. Bh4 Bf5 10. Bxf5 gxf5 11. Bxf6 Bxf6 12. Kh1 e6 13. Ne1 Ne7 14. Nd3 Ng6 15. f4 b6 16. Rf3 h5 17. Rh3 h4 18. Ne5 Bxe5 19. dxe5 Kg7 20. Qe2 Rh8 21. a4 Qd7 22. Nf3 c5 23. Qf2 Qe7 24. Rg1 Rh6 25. Qe1 Rah8 26. b4 Qd7 27. Qa1 Rc8 28. b5 a6 29. bxa6 Ra8 30. Qe1 Qxa4 31. Nxh4 Qe4 32. Qg3 Rxa6 33. Qg5 Rh8 34. Rg3 Rh6 35. Qf6+ Kg8 36. Nxg6 Rxg6 37. Rxg6+ fxg6 38. Qxg6+ Kh8 39. Qh6+ Kg8 1-0

[Event "Saint John op-1"]
[Site "Saint John CAN"]
[Date "1988.??.??"]
[Round "?"]
[White "Lein, Anatoly"]
[Black "Vidarsson, Jon"]
[Result "1/2-1/2"]
[WhiteElo "2475"]
[BlackElo "2305"]
[PlyCount "109"]
[GameId "2160767912587227"]
[EventDate "1988.01.24"]
[EventType "swiss"]
[EventRounds "9"]
[EventCountry "CAN"]
[SourceTitle "CBM 006"]
[Source "ChessBase"]
[SourceDate "2004.01.01"]
[SourceVersion "1"]
[SourceVersionDate "2004.01.01"]
[SourceQuality "1"]

1. e4 e5 2. Nf3 Nc6 3. Bb5 a6 4. Bxc6 dxc6 5. O-O f6 6. d4 exd4 7. Nxd4 c5 8. Nb3 Qxd1 9. Rxd1 Bg4 10. f3 Be6 11. Bf4 c4 12. Nd4 O-O-O 13. Nc3 Bc5 14. Be3 Bxd4 15. Rxd4 Ne7 16. Kf2 Nc6 17. Rxd8+ Rxd8 18. g4 b5 19. a3 Ne5 20. h3 g5 21. Ne2 Bf7 22. Bd4 Nd7 23. h4 h5 24. gxh5 Bxh5 25. hxg5 fxg5 26. Rh1 Bg6 27. Ke3 Rf8 28. Ng3 c5 29. Bc3 Rf7 30. Rh8+ Kc7 31. Rg8 Nf8 32. Bg7 Nd7 33. Bc3 Nf8 34. Nf1 Bh5 35. Nh2 Ne6 36. Rh8 Bg6 37. Rh6 Nf8 38. Rh8 Ne6 39. Be5+ Kc6 40. Ng4 Rh7 41. Rb8 Rh3 42. Nf6 Bh5 43. Nxh5 Rxh5 44. Ra8 g4 45. Rxa6+ Kd7 46. Ra7+ Kc6 47. Ra6+ Kd7 48. Ra7+ Kc6 49. Re7 Rxe5 50. f4 Kd6 51. Rh7 Nxf4 52. Kxf4 Re6 53. Rg7 b4 54. Rb7 g3 55. Rb6+ 1/2-1/2

[Event "Saint John op-1"]
[Site "Saint John CAN"]
[Date "1988.??.??"]
[Round "?"]
[White "Levitt, Jonathan"]
[Black "Akhsharumova, Anna"]
[Result "1/2-1/2"]
[WhiteElo "2440"]
[BlackElo "2385"]
[PlyCount "119"]
[GameId "2160767912587228"]
[EventDate "1988.01.24"]
[EventType "swiss"]
[EventRounds "9"]
[EventCountry "CAN"]
[SourceTitle "CBM 006"]
[Source "ChessBase"]
[SourceDate "2004.01.01"]
[SourceVersion "1"]
[SourceVersionDate "2004.01.01"]
[SourceQuality "1"]

1. d4 d6 2. e4 Nf6 3. Nc3 g6 4. Be3 c6 5. Qd2 b5 6. e5 Ng4 7. exd6 Nxe3 8. Qxe3 Qxd6 9. Nf3 Bg7 10. Be2 O-O 11. O-O Bf5 12. Bd3 Bxd3 13. Qxd3 Nd7 14. Rfe1 e6 15. Ne4 Qc7 16. c4 Rab8 17. c5 Nf6 18. Ne5 Rbd8 19. Ng5 Rd5 20. Rad1 Nh5 21. Ngf3 Rfd8 22. Qe3 Bxe5 23. Nxe5 f6 24. Ng4 e5 25. Qf3 exd4 26. Nxf6+ Nxf6 27. Qxf6 Rf8 28. Qe6+ Kg7 29. b4 d3 30. Qe7+ Rf7 31. Qxc7 Rxc7 32. Kf1 a5 33. bxa5 Rcd7 34. Re3 Kf6 35. a6 Ra7 36. Rexd3 Rxd3 37. Rxd3 Rxa6 38. a3 Ke5 39. Ke2 Ra4 40. Rd6 Rxa3 41. Rxc6 Ra2+ 42. Kf3 Rc2 43. h4 b4 44. h5 Kf5 45. Rc7 b3 46. Rxh7 b2 47. Rb7 gxh5 48. Kg3 Ke5 49. c6 Kd6 50. c7 Kd7 51. f4 Kc8 52. Rb4 Kxc7 53. Kh3 Kd6 54. g3 Ke6 55. Kh4 Kf5 56. Rb5+ Kg6 57. Rb6+ Kf5 58. Rb5+ Kg6 59. Rb6+ Kf5 60. Rb5+ 1/2-1/2

[Event "Saint John op-1"]
[Site "Saint John CAN"]
[Date "1988.??.??"]
[Round "?"]
[White "Levitt, Jonathan"]
[Black "Dlugy, Maxim"]
[Result "1/2-1/2"]
[WhiteElo "2440"]
[BlackElo "2550"]
[PlyCount "79"]
[GameId "2160767912587229"]
[EventDate "1988.01.24"]
[EventType "swiss"]
[EventRounds "9"]
[EventCountry "CAN"]
[SourceTitle "CBM 06"]

1. d4 d5 2. Nf3 c5 3. c4 cxd4 4. Qxd4 e6 5. cxd5 exd5 6. e4 dxe4 7. Qxd8+ Kxd8 8. Ng5 Bb4+ 9. Nc3 Nh6 10. Ngxe4 Re8 11. Bg5+ Be7 12. O-O-O+ Bd7 13. Bf4 f5 14. Ng5 Bxg5 15. Bxg5+ Kc8 16. Bxh6 gxh6 17. Bc4 Nc6 18. Rd6 Ne5 19. Rhd1 Bc6 20. Be6+ Kc7 21. Bxf5 Rf8 22. Be4 Rxf2 23. Rxh6 Rh8 24. g3 Ng4 25. Rh4 Nxh2 26. Rxh7+ Rxh7 27. Bxh7 Rg2 28. Rd2 Rg1+ 29. Kc2 Nf3 30. Rf2 Rxg3 31. Be4 Nd4+ 32. Kd2 Rg7 33. Bxc6 Nxc6 34. b3 Rd7+ 35. Kc2 Nb4+ 36. Kb1 a6 37. a3 Nc6 38. Kb2 Ne5 39. Re2 Nf3 40. Rf2 1/2-1/2

[Event "Saint John op-1"]
[Site "Saint John CAN"]
[Date "1988.??.??"]
[Round "?"]
[White "Levitt, Jonathan"]
[Black "Gulko, Boris"]
[Result "1/2-1/2"]
[WhiteElo "2440"]
[BlackElo "2595"]
[PlyCount "59"]
[GameId "2160767912587230"]
[EventDate "1988.01.24"]
[EventType "swiss"]
[EventRounds "9"]
[EventCountry "CAN"]
[SourceTitle "CBM 006"]
[Source "ChessBase"]
[SourceDate "2004.01.01"]
[SourceVersion "1"]
[SourceVersionDate "2004.01.01"]
[SourceQuality "1"]

1. d4 Nf6 2. c4 g6 3. Nc3 d5 4. Bf4 Bg7 5. e3 c5 6. dxc5 Qa5 7. Rc1 dxc4 8. Bxc4 O-O 9. Nf3 Qxc5 10. Bb3 Qa5 11. O-O Nc6 12. h3 Qa6 13. Ne5 Nxe5 14. Bxe5 Be6 15. Bxe6 Qxe6 16. Bd4 Rfc8 17. Qf3 Qc6 18. Qxc6 Rxc6 19. Nb5 Rxc1 20. Rxc1 a6 21. Na3 Nd5 22. Bxg7 Kxg7 23. Nb1 Rd8 24. Rd1 Rc8 25. Rxd5 Rc1+ 26. Kh2 Rxb1 27. Rd2 Kf6 28. Kg3 Ke6 29. Rc2 h5 30. h4 1/2-1/2

[Event "Saint John op-1"]
[Site "Saint John CAN"]
[Date "1988.??.??"]
[Round "?"]
[White "Levitt, Jonathan"]
[Black "Kristensen, Bjarke"]
[Result "1/2-1/2"]
[WhiteElo "2440"]
[BlackElo "2300"]
[PlyCount "174"]
[GameId "2160767912587231"]
[EventDate "1988.01.24"]
[EventType "swiss"]
[EventRounds "9"]
[EventCountry "CAN"]
[SourceTitle "CBM 06"]

1. d4 d5 2. c4 c6 3. Nf3 Nf6 4. Nc3 dxc4 5. a4 Bg4 6. Ne5 Bh5 7. g3 e6 8. Bg2 a5 9. Nxc4 Na6 10. O-O Be7 11. h3 Nb4 12. Qd2 Nd7 13. e4 O-O 14. g4 Bg6 15. f4 f5 16. gxf5 exf5 17. e5 Nb6 18. Nxb6 Qxb6 19. Qf2 Bf7 20. Be3 Nd3 21. d5 Qa6 22. Qd2 cxd5 23. Nxd5 Bxd5 24. Bxd5+ Kh8 25. Rad1 Nc5 26. Qg2 Qh6 27. b3 Ra6 28. Kh2 Rg6 29. Qf3 b6 30. Rg1 Rxg1 31. Rxg1 Rd8 32. Rd1 g5 33. fxg5 Bxg5 34. Bc4 Rxd1 35. Qa8+ Rd8 36. Qxd8+ Bxd8 37. Bxh6 Bc7 38. Bf4 Kg7 39. Kg3 Kg6 40. Kf3 Bd8 41. Ke3 h6 42. Kf3 Bg5 43. Be3 Be7 44. Bd4 Kg5 45. Bf2 f4 46. Bg1 Kf5 47. Bd4 h5 48. Bg8 h4 49. Bh7+ Kg5 50. Bg8 Kf5 51. Bh7+ Kg5 52. Bc2 Bd8 53. Bg1 Bc7 54. Bd4 Bd8 55. Bc3 Bc7 56. Bb2 Bb8 57. Ba1 Bc7 58. Bc3 Bb8 59. Bd1 Nd3 60. e6 Bd6 61. Be2 Nc5 62. Be5 Nb7 63. Bxd6 Nxd6 64. e7 Kf6 65. Kxf4 Kxe7 66. Kg5 Ke6 67. Kxh4 Kf5 68. Kg3 Ne4+ 69. Kg2 Kf4 70. h4 Nc3 71. Kf2 Ne4+ 72. Ke1 Nc5 73. Bd1 Ne4 74. Bc2 Nd6 75. h5 Kg5 76. Bd1 b5 77. b4 bxa4 78. bxa5 a3 79. Bb3 Kxh5 80. Kd2 Kg5 81. a6 Nc8 82. Kc3 Kf6 83. Kb4 Ke7 84. Kxa3 Kd6 85. Kb4 Kc6 86. Ka5 Na7 87. Bf7 Kc5 1/2-1/2

[Event "Saint John op-1"]
[Site "Saint John CAN"]
[Date "1988.??.??"]
[Round "?"]
[White "Levitt, Jonathan"]
[Black "Rajna, George"]
[Result "1-0"]
[WhiteElo "2440"]
[BlackElo "2495"]
[PlyCount "131"]
[GameId "2160767912587232"]
[EventDate "1988.01.24"]
[EventType "swiss"]
[EventRounds "9"]
[EventCountry "CAN"]
[SourceTitle "CBM 006"]
[Source "ChessBase"]
[SourceDate "2004.01.01"]
[SourceVersion "1"]
[SourceVersionDate "2004.01.01"]
[SourceQuality "1"]

1. d4 Nf6 2. c4 c5 3. d5 g6 4. Nc3 Bg7 5. e4 O-O 6. Bd3 e5 7. Bg5 h6 8. Be3 d6 9. f3 Na6 10. Qd2 Kh7 11. O-O-O Nc7 12. Nge2 a6 13. Kb1 Rb8 14. a4 Bd7 15. a5 b5 16. axb6 Rxb6 17. g4 Qa8 18. Qc2 a5 19. Na4 Bxa4 20. Qxa4 Rfb8 21. Bc1 Qa7 22. Nc3 Rb4 23. Qa2 R4b7 24. Bc2 Nd7 25. Ba4 Na6 26. Bc6 Nb4 27. Qa1 Qa6 28. Bxb7 Rxb7 29. b3 Nb6 30. Bb2 Bf8 31. Qa3 Qa8 32. Na4 Nc8 33. Bc3 Qb8 34. Kb2 Qc7 35. Rd2 Be7 36. h4 Qd8 37. Rdh2 Nd3+ 38. Kc2 Nf4 39. Bd2 Bf6 40. Qa1 Bg7 41. Qe1 Ra7 42. Qf2 Nb6 43. Ra1 f5 44. Qe1 Nd7 45. gxf5 gxf5 46. Nc3 Rb7 47. Nb5 Nf6 48. Rxa5 fxe4 49. fxe4 Ng4 50. Rh1 Bf8 51. Ra6 Rf7 52. Qg3 h5 53. Nc3 Qf6 54. Raa1 Qg6 55. Raf1 Bh6 56. Rf3 Rg7 57. Kb2 Ne2 58. Nxe2 Bxd2 59. Rf5 Qe8 60. Qf3 Be3 61. Rf8 Qg6 62. Ra1 Bd4+ 63. Nxd4 Nh2 64. Raa8 Qg2+ 65. Qxg2 Rxg2+ 66. Ka3 1-0

[Event "Saint John op-1"]
[Site "Saint John CAN"]
[Date "1988.??.??"]
[Round "?"]
[White "Lindsay, Fred"]
[Black "Akhsharumova, Anna"]
[Result "0-1"]
[WhiteElo "2250"]
[BlackElo "2385"]
[PlyCount "86"]
[GameId "2160767912587234"]
[EventDate "1988.01.24"]
[EventType "swiss"]
[EventRounds "9"]
[EventCountry "CAN"]
[SourceTitle "CBM 006"]
[Source "ChessBase"]
[SourceDate "2004.01.01"]
[SourceVersion "1"]
[SourceVersionDate "2004.01.01"]
[SourceQuality "1"]

1. c4 e5 2. Nf3 Nc6 3. d4 Bb4+ 4. Bd2 Bxd2+ 5. Qxd2 d6 6. e3 e4 7. Ng1 f5 8. Nh3 g5 9. Nc3 h6 10. O-O-O Nf6 11. f3 exf3 12. gxf3 Qe7 13. Bd3 Bd7 14. Rhe1 O-O-O 15. Kb1 Qf7 16. Bf1 Rhe8 17. Rc1 Kb8 18. Nf2 Qh5 19. Bg2 Qxh2 20. Nd3 Qh5 21. c5 d5 22. Ka1 Qf7 23. b4 Qg7 24. b5 Na5 25. c6 Nc4 26. Qf2 bxc6 27. bxc6 Bxc6 28. Nb4 Bb7 29. Bf1 g4 30. Ncxd5 g3 31. Qc2 Nxd5 32. Qxc4 Nxe3 33. Na6+ Bxa6 34. Rb1+ Bb7 35. Rxb7+ Kc8 36. Rb8+ Kxb8 37. Qb5+ Kc8 38. Qa6+ Kd7 39. Bb5+ Ke7 40. Rxe3+ Kf8 41. Rxe8+ Rxe8 42. Bxe8 Qxd4+ 43. Kb1 Qb6+ 0-1

[Event "Saint John op-1"]
[Site "Saint John CAN"]
[Date "1988.??.??"]
[Round "?"]
[White "Lindsay, Fred"]
[Black "Birnboim, Nathan"]
[Result "1-0"]
[WhiteElo "2250"]
[BlackElo "2465"]
[PlyCount "83"]
[GameId "2160767912587235"]
[EventDate "1988.01.24"]
[EventType "swiss"]
[EventRounds "9"]
[EventCountry "CAN"]
[SourceTitle "CBM 006"]
[Source "ChessBase"]
[SourceDate "2004.01.01"]
[SourceVersion "1"]
[SourceVersionDate "2004.01.01"]
[SourceQuality "1"]

1. c4 e5 2. Nf3 e4 3. Nd4 Nc6 4. Nxc6 dxc6 5. Nc3 Nf6 6. d4 exd3 7. exd3 Bb4 8. a3 Bxc3+ 9. bxc3 O-O 10. Be2 Qd6 11. Be3 Bf5 12. Qd2 Rfe8 13. O-O Rad8 14. Rfd1 Bg4 15. f3 Qe5 16. Bg5 Qxe2 17. Bxf6 gxf6 18. fxg4 Qxg4 19. Re1 Re6 20. Re3 Qxc4 21. Rg3+ Kh8 22. Qh6 Qc5+ 23. d4 Qf8 24. Qh4 Rd5 25. Rf1 Qe7 26. Rh3 h5 27. Qg4 Rg5 28. Rxh5+ Kg7 29. Qh4 Rxh5 30. Qxh5 Qxa3 31. Qg4+ Kf8 32. Qf3 a5 33. h4 Qb2 34. Qg3 Qc2 35. Qxc7 Qxc3 36. Qd8+ Kg7 37. Rf3 Qe1+ 38. Kh2 f5 39. h5 Re7 40. Rg3+ Kf6 41. Qd6+ Re6 42. Qf8 1-0

[Event "Saint John op-1"]
[Site "Saint John CAN"]
[Date "1988.??.??"]
[Round "?"]
[White "Lindsay, Fred"]
[Black "Gonzalez Rodriguez, Jorge Armando"]
[Result "0-1"]
[WhiteElo "2250"]
[BlackElo "2375"]
[PlyCount "96"]
[GameId "2160767912587236"]
[EventDate "1988.01.24"]
[EventType "swiss"]
[EventRounds "9"]
[EventCountry "CAN"]
[SourceTitle "CBM 006"]
[Source "ChessBase"]
[SourceDate "2004.01.01"]
[SourceVersion "1"]
[SourceVersionDate "2004.01.01"]
[SourceQuality "1"]

1. c4 Nf6 2. Nc3 g6 3. e4 d6 4. d4 Bg7 5. Nf3 O-O 6. Be2 Nc6 7. d5 Nb8 8. O-O e5 9. Ne1 Ne8 10. Nd3 f5 11. Bd2 f4 12. f3 g5 13. Qc2 Nd7 14. Rfc1 Ndf6 15. Nf2 h5 16. Qd1 Rf7 17. a4 Bf8 18. Ra3 Rg7 19. h3 a5 20. Na2 c5 21. dxc6 bxc6 22. b4 axb4 23. Bxb4 Be6 24. Rd3 Qb6 25. Bxd6 Nxd6 26. Rxd6 Bxd6 27. Qxd6 Re8 28. Qxe5 Nd7 29. Qc3 Nc5 30. a5 Qa7 31. Nb4 Bd7 32. Qd4 Qxa5 33. Nbd3 Nb3 34. Qc3 Qxc3 35. Rxc3 Nd4 36. Bd1 Ra8 37. Rc1 h4 38. c5 Be6 39. Ne5 Rga7 40. Rb1 Ra1 41. Rb4 Ne2+ 42. Kh2 Ng3 43. Rd4 R8a2 44. Neg4 Kg7 45. Rd6 Bxg4 46. Nxg4 Nf1+ 47. Kg1 Ne3 48. Nf2 Rb2 0-1

[Event "Saint John op-1"]
[Site "Saint John CAN"]
[Date "1988.??.??"]
[Round "?"]
[White "Lputian, Smbat G"]
[Black "Groszpeter, Attila"]
[Result "1/2-1/2"]
[WhiteElo "2555"]
[BlackElo "2495"]
[PlyCount "66"]
[GameId "2160767912587241"]
[EventDate "1988.01.24"]
[EventType "swiss"]
[EventRounds "9"]
[EventCountry "CAN"]
[SourceTitle "CBM 006"]
[Source "ChessBase"]
[SourceDate "2004.01.01"]
[SourceVersion "1"]
[SourceVersionDate "2004.01.01"]
[SourceQuality "1"]

1. d4 Nf6 2. c4 e6 3. Nf3 b6 4. Nc3 Bb7 5. a3 d5 6. cxd5 Nxd5 7. Qc2 Be7 8. Nxd5 exd5 9. g3 O-O 10. Bg2 c5 11. dxc5 bxc5 12. O-O Nd7 13. Rd1 Qb6 14. Bg5 Bxg5 15. Nxg5 Nf6 16. Nh3 Rac8 17. Nf4 d4 18. Bxb7 Qxb7 19. Rac1 Rfe8 20. Qf5 Qxb2 21. Rxc5 Rcd8 22. Rc6 Ne4 23. Rc7 Qa2 24. Rd7 Rxd7 25. Qxd7 Kf8 26. Qxa7 g5 27. f3 gxf4 28. fxe4 Qxe2 29. Qxd4 f3 30. Qc5+ Kg8 31. Qg5+ Kh8 32. Qf6+ Kg8 33. Qg5+ Kh8 1/2-1/2

[Event "Saint John op-1"]
[Site "Saint John CAN"]
[Date "1988.??.??"]
[Round "?"]
[White "Lputian, Smbat G"]
[Black "Kopec, Danny"]
[Result "1/2-1/2"]
[WhiteElo "2555"]
[BlackElo "2405"]
[PlyCount "88"]
[GameId "2160767912587242"]
[EventDate "1988.01.24"]
[EventType "swiss"]
[EventRounds "9"]
[EventCountry "CAN"]
[SourceTitle "CBM 006"]
[Source "ChessBase"]
[SourceDate "2004.01.01"]
[SourceVersion "1"]
[SourceVersionDate "2004.01.01"]
[SourceQuality "1"]

1. d4 Nf6 2. c4 e6 3. Nf3 Bb4+ 4. Nbd2 d5 5. Qa4+ Nc6 6. a3 Bxd2+ 7. Bxd2 Ne4 8. Rd1 O-O 9. e3 Bd7 10. Qc2 a5 11. Bd3 f5 12. O-O Be8 13. Ne1 Ne7 14. Bc1 a4 15. Be2 Bc6 16. Nd3 Ng6 17. f3 Nf6 18. Bd2 Nh5 19. Nb4 f4 20. e4 Ng3 21. Rfe1 dxe4 22. Nxc6 bxc6 23. hxg3 Qxd4+ 24. Kh1 Qe5 25. g4 e3 26. Bc3 Qg5 27. Bd3 e5 28. Bxg6 hxg6 29. Kg1 Rfe8 30. Qe4 Qh4 31. Re2 Rad8 32. Rf1 Kf7 33. Bxe5 g5 34. Qf5+ Kg8 35. Bc3 Rd6 36. g3 fxg3 37. Bxg7 Kxg7 38. f4 gxf4 39. Qxf4 Rd7 40. Rg2 e2 41. Rxe2 Rxe2 42. Qf8+ Kg6 43. Qf5+ Kh6 44. Qf8+ Kg6 1/2-1/2

[Event "Saint John op-1"]
[Site "Saint John CAN"]
[Date "1988.??.??"]
[Round "?"]
[White "Mercuri, Louis A"]
[Black "Fong, Juan"]
[Result "1-0"]
[WhiteElo "2210"]
[BlackElo "2220"]
[PlyCount "80"]
[GameId "2160767912587246"]
[EventDate "1988.01.24"]
[EventType "swiss"]
[EventRounds "9"]
[EventCountry "CAN"]
[SourceTitle "CBM 006"]
[Source "ChessBase"]
[SourceDate "2004.01.01"]
[SourceVersion "1"]
[SourceVersionDate "2004.01.01"]
[SourceQuality "1"]

1. e4 c5 2. Nf3 d6 3. d4 cxd4 4. Nxd4 Nf6 5. Nc3 a6 6. f4 b5 7. e5 dxe5 8. fxe5 b4 9. exf6 bxc3 10. fxg7 Bxg7 11. bxc3 Qc7 12. Bd2 Bb7 13. Qg4 Qe5+ 14. Be2 h5 15. Qh3 Nc6 16. Rb1 Nxd4 17. cxd4 Qe4 18. Be3 Bf6 19. O-O Rg8 20. Rxb7 Qxb7 21. Bf3 Qc8 22. Qxh5 Rh8 23. Qd5 Rb8 24. c4 Rb4 25. c5 Rh4 26. Bh5 e6 27. Qf3 Qd8 28. c6 Rc4 29. d5 exd5 30. Bg5 Rxh5 31. Qxh5 Rxc6 32. Rxf6 Qb6+ 33. Rf2 Rg6 34. h4 Qa5 35. Re2+ Kd7 36. Qg4+ Re6 37. Rxe6 fxe6 38. h5 Qxa2 39. h6 a5 40. Kh2 Qc2 1-0

[Event "Saint John op-1"]
[Site "Saint John CAN"]
[Date "1988.??.??"]
[Round "?"]
[White "Mercuri, Louis A"]
[Black "Piasetski, Leon"]
[Result "1/2-1/2"]
[WhiteElo "2210"]
[BlackElo "2390"]
[PlyCount "80"]
[GameId "2160767912587247"]
[EventDate "1988.01.24"]
[EventType "swiss"]
[EventRounds "9"]
[EventCountry "CAN"]
[SourceTitle "CBM 006"]
[Source "ChessBase"]
[SourceDate "2004.01.01"]
[SourceVersion "1"]
[SourceVersionDate "2004.01.01"]
[SourceQuality "1"]

1. e4 c5 2. Nf3 e6 3. d4 cxd4 4. Nxd4 a6 5. Nc3 b5 6. Bd3 Qc7 7. O-O Bd6 8. Bxb5 Bxh2+ 9. Kh1 Bd6 10. f4 Bb7 11. Be2 Bb4 12. Bd2 Bxc3 13. Bxc3 Nf6 14. e5 Ne4 15. Be1 O-O 16. Bd3 f5 17. Qe2 Nc6 18. Nxc6 Qxc6 19. Rd1 Rf7 20. Bxe4 Qxe4 21. Qxe4 Bxe4 22. Rf2 h6 23. Rfd2 Bc6 24. Rd4 g5 25. R1d3 Rg7 26. Rg3 Kf7 27. Bd2 Rag8 28. Kh2 gxf4 29. Bxf4 Rg4 30. Rxg4 Rxg4 31. g3 Ke8 32. Be3 Be4 33. Bxh6 Rg8 34. Bf4 Rh8+ 35. Kg1 Rh1+ 36. Kf2 Rh2+ 37. Ke3 Rxc2 38. Rd2 Rc1 39. Kd4 Bd5 40. b3 Kd8 1/2-1/2

[Event "Saint John op-1"]
[Site "Saint John CAN"]
[Date "1988.??.??"]
[Round "?"]
[White "Mercuri, Louis A"]
[Black "Saidy, Anthony"]
[Result "1/2-1/2"]
[WhiteElo "2210"]
[BlackElo "2415"]
[PlyCount "112"]
[GameId "2160767912587248"]
[EventDate "1988.01.24"]
[EventType "swiss"]
[EventRounds "9"]
[EventCountry "CAN"]
[SourceTitle "CBM 006"]
[Source "ChessBase"]
[SourceDate "2004.01.01"]
[SourceVersion "1"]
[SourceVersionDate "2004.01.01"]
[SourceQuality "1"]

1. e4 c5 2. Nf3 Nc6 3. d4 cxd4 4. Nxd4 Nf6 5. Nc3 d6 6. Bc4 Qb6 7. Nb3 e6 8. O-O a6 9. a4 Ne5 10. Be2 Bd7 11. Be3 Qc7 12. Nd2 Bc6 13. f4 Ned7 14. a5 Be7 15. Bf3 O-O 16. Nb3 b5 17. axb6 Nxb6 18. Qe2 Bb7 19. Na5 d5 20. Nxb7 Qxb7 21. exd5 Nbxd5 22. Nxd5 exd5 23. Bd4 Ne4 24. c4 f5 25. Ra5 Bf6 26. Rxd5 Bxd4+ 27. Rxd4 Qb6 28. c5 Qxc5 29. Qc4+ Qxc4 30. Rxc4 Rab8 31. Bxe4 fxe4 32. b4 e3 33. Re1 Rfe8 34. g3 Re6 35. Kg2 Rd8 36. Kf3 Rd3 37. Re2 Rb3 38. Re4 Rxe4 39. Kxe4 Kf7 40. Rxe3 Rxb4+ 41. Kd5 Ra4 42. Rb3 h6 43. Rb6 Ra2 44. Ke5 Kg8 45. Kf5 Kh7 46. Re6 a5 47. Ra6 Rxh2 48. g4 Ra2 49. Ra7 a4 50. Ra6 a3 51. Ra8 Ra1 52. Ra7 Rg1 53. Rxa3 g6+ 54. Kf6 Rxg4 55. Ra7+ Kg8 56. Ra8+ Kh7 1/2-1/2

[Event "Saint John op-1"]
[Site "Saint John CAN"]
[Date "1988.??.??"]
[Round "?"]
[White "Mercuri, Louis A"]
[Black "Sherzer, Alex"]
[Result "1/2-1/2"]
[WhiteElo "2210"]
[BlackElo "2330"]
[PlyCount "122"]
[GameId "2160767912587249"]
[EventDate "1988.01.24"]
[EventType "swiss"]
[EventRounds "9"]
[EventCountry "CAN"]
[SourceTitle "CBM 006"]
[Source "ChessBase"]
[SourceDate "2004.01.01"]
[SourceVersion "1"]
[SourceVersionDate "2004.01.01"]
[SourceQuality "1"]

1. e4 e6 2. d4 d5 3. Nc3 Bb4 4. e5 Qd7 5. Bd2 b6 6. Bb5 c6 7. Ba4 Ne7 8. Nce2 Bxd2+ 9. Qxd2 Ba6 10. Nf3 Bb5 11. Bxb5 cxb5 12. O-O O-O 13. Rfe1 Nbc6 14. Nf4 Rac8 15. Nh5 Ng6 16. Qg5 Nb4 17. Rad1 Nxc2 18. Re2 Nb4 19. h4 Qd8 20. Qg4 Nc6 21. Ng3 h6 22. h5 Nge7 23. Nh4 Qd7 24. Re3 f5 25. exf6 Rxf6 26. Rde1 Rcf8 27. Nf3 Nf5 28. Nxf5 exf5 29. Qf4 Qf7 30. Ne5 Nxe5 31. dxe5 Re6 32. Rd3 Rd8 33. Red1 Qxh5 34. Rxd5 Qxd1+ 35. Rxd1 Rxd1+ 36. Kh2 Re1 37. Qxf5 R1xe5 38. Qf3 a5 39. Qd3 h5 40. f4 Rc5 41. Qb3 Kf7 42. Qd3 Rf6 43. Qd7+ Kg6 44. Qe8+ Kh7 45. Qe4+ Kh6 46. Qe8 Rcf5 47. g3 Rc5 48. Qh8+ Kg6 49. Qe8+ Kh7 50. Kh3 b4 51. Qe4+ Rcf5 52. Kh4 Kh6 53. Qe8 Rc5 54. Qh8+ Kg6 55. Qe8+ Kh7 56. Qe4+ Kh6 57. Qe8 Rd6 58. b3 Rd2 59. Qe6+ g6 60. g4 hxg4 61. Qg8 Rd7 1/2-1/2

[Event "Saint John op-1"]
[Site "Saint John CAN"]
[Date "1988.??.??"]
[Round "?"]
[White "Minaya, Juan"]
[Black "Mercuri, Louis A"]
[Result "1-0"]
[WhiteElo "2305"]
[BlackElo "2210"]
[PlyCount "45"]
[GameId "2160767912587251"]
[EventDate "1988.01.24"]
[EventType "swiss"]
[EventRounds "9"]
[EventCountry "CAN"]
[SourceTitle "CBM 006"]
[Source "ChessBase"]
[SourceDate "2004.01.01"]
[SourceVersion "1"]
[SourceVersionDate "2004.01.01"]
[SourceQuality "1"]

1. Nf3 Nf6 2. c4 g6 3. g3 Bg7 4. Bg2 d5 5. cxd5 Nxd5 6. Qa4+ Bd7 7. Qb3 Bc6 8. Nc3 O-O 9. d4 Nxc3 10. bxc3 b6 11. O-O Nd7 12. Ba3 Rc8 13. Rad1 Be4 14. c4 c5 15. dxc5 Qc7 16. cxb6 axb6 17. Bh3 Bf5 18. Bxf5 gxf5 19. Bxe7 Rfe8 20. Ba3 Rxe2 21. Nd4 Re5 22. Nb5 Qc6 23. Na7 1-0

[Event "Saint John op-1"]
[Site "Saint John CAN"]
[Date "1988.??.??"]
[Round "?"]
[White "Minaya, Juan"]
[Black "Saidy, Anthony"]
[Result "1/2-1/2"]
[WhiteElo "2305"]
[BlackElo "2415"]
[PlyCount "80"]
[GameId "2160767912587252"]
[EventDate "1988.01.24"]
[EventType "swiss"]
[EventRounds "9"]
[EventCountry "CAN"]
[SourceTitle "CBM 006"]
[Source "ChessBase"]
[SourceDate "2004.01.01"]
[SourceVersion "1"]
[SourceVersionDate "2004.01.01"]
[SourceQuality "1"]

1. Nf3 Nf6 2. g3 g6 3. Bg2 Bg7 4. O-O O-O 5. c4 d6 6. d4 Nbd7 7. Nc3 e5 8. h3 c6 9. e4 Qa5 10. Re1 b5 11. c5 dxc5 12. dxe5 Ne8 13. Bg5 Nc7 14. Qd6 Re8 15. Bf6 Re6 16. Qd2 b4 17. Nd1 Nxf6 18. exf6 Bxf6 19. e5 Be7 20. Ne3 Ba6 21. Ng4 Nd5 22. h4 h5 23. Nh6+ Kg7 24. Bh3 Rh8 25. Bxe6 fxe6 26. Ng5 Rxh6 27. Nxe6+ Kh7 28. Rad1 Bb7 29. Ng5+ Kg8 30. Ne4 Kg7 31. Nd6 Bxd6 32. exd6 Qd8 33. Qg5 Qxd6 34. Rxd5 cxd5 35. Re7+ Kg8 36. Rxb7 Rh7 37. Rb5 Rf7 38. Qc1 c4 39. Qd2 a5 40. Rxd5 Qb6 1/2-1/2